00959nam a2200169 4500008004000000020001800040050002500058100004500083245012600128250001800254260003200272300003600304500009000340505031100430650002700741650002100768 s2008 mx a s pa s spa  a9789681853525 aHF5686.C8 bO75 20081 aOrtega Pérez de León, Armandoeautor aContabilidad de Costos b : Incluye técnica para el control de costo por actividad (A.B.C)c / Ortega Pérez de León a6a. edición aMéxicob : Limusac, 2008 a929 páginasb : ilustraciones aIncluye: índice alfabético (pp.917-926) Incluye: índice de cuadros (pp.927-928) aIntroducción a la contabilidad de costos Costos historicos. El sistema de costos por ordenes de producción. Organización administrativo-contable y control de cada uno de los tres elementos del costo de producción y de la producción en proceso. Informes de Costos Sistema de costos por procesos 10aCONTABILIDAD DE COSTOS20aCOTROL DE COSTOS